000 00773nam a2200301Ia 4500
001 Z_3874
003 CHAP
008 220113s2000 xx 000 0 und d
010 _a166935
040 _cCHAP
082 _a636.214089 S3
100 _aSaran, Arthur
_9140506
245 _aMastitis y calidad de leche /
_cpor Arthur Saran y Marcelo Chaf fer
260 _aBuenos Aires :
_bIntermédica,
_c2000
300 _a194 p. ; ilus.
440 _a
500 _a
503 _a211799
650 _aGanado lechero
_xEnfermedades I. Chaf fer, Marcelo II. t.
_9141103
650 _aGanado vacuno
_xEnfermedades
_945460
650 _aMastitis
_972847
901 _a636.214089 S3
902 _aA
910 _a2000
942 _c1
942 _cc1
999 _c166935
_d166935